An elemental analysis of service charges (Record no. 94377)

MARC details
000 -LEADER
fixed length control field 01317cam a2200265 4500
008 - FIXED-LENGTH DATA ELEMENTS--GENERAL INFORMATION
fixed length control field 090401t1995 xxu||||| |||| 00| 0 eng d
020 ## - INTERNATIONAL STANDARD BOOK NUMBER
International Standard Book Number 0854066969
035 ## - SYSTEM CONTROL NUMBER
System control number (Sirsi) u62172
041 0# - LANGUAGE CODE
Language code of text/sound track or separate title eng
050 04 - LIBRARY OF CONGRESS CALL NUMBER
Classification number 346.4104343 $2 18
090 ## - LOCALLY ASSIGNED LC-TYPE CALL NUMBER (OCLC); LOCAL CALL NUMBER (RLIN)
Classification number (OCLC) (R) ; Classification number, CALL (RLIN) (NR) RICS 1995/69ABCD
110 2# - MAIN ENTRY--CORPORATE NAME
Corporate name or jurisdiction name as entry element Royal Institution of Chartered Surveyors
9 (RLIN) 4900
245 03 - TITLE STATEMENT
Title An elemental analysis of service charges
Remainder of title commercial property guidance note
260 ## - PUBLICATION, DISTRIBUTION, ETC.
Place of publication, distribution, etc. London
Name of publisher, distributor, etc. RICS
Date of publication, distribution, etc. 1995
300 ## - PHYSICAL DESCRIPTION
Extent 20p.
Dimensions 30cm.
350 ## - PRICE (NR) (BK AM CF MU VM SE) [OBSOLETE]
Price 8.95
490 ## - SERIES STATEMENT
Series statement RICS Commercial Property Guidance Note
490 ## - SERIES STATEMENT
Series statement RICS Guidance Note
520 ## - SUMMARY, ETC.
Summary, etc. Considers the nature of service charges, what determines them, what services the landlord may provide, who manages the service charges, what is included in the service charge, can they include a sinking fund, how a service charge can be administered, how the costs can be apportioned, whether they create special tax implications, and the need for good landlord and tenant relations.
520 ## - SUMMARY, ETC.
Summary, etc. Superseeds 1994 edition (M1657).
690 ## - LOCAL SUBJECT ADDED ENTRY--TOPICAL TERM (OCLC, RLIN)
Topical term or geographic name as entry element PROPERTY-COMMERCIAL PROPERTY-LEASEHOLD COMMERCIAL PROPERTY-COMMERCIAL LANDLORD AND TENANT-COMMERCIAL SERVICE CHARGES
710 2# - ADDED ENTRY--CORPORATE NAME
Corporate name or jurisdiction name as entry element Royal Institution of Chartered Surveyors
Subordinate unit Commercial Property Management Skills Panel
9 (RLIN) 4496
942 ## - ADDED ENTRY ELEMENTS (KOHA)
Suppress in OPAC 0
948 ## - LOCAL PROCESSING INFORMATION (OCLC); SERIES PART DESIGNATOR (RLIN)
c (OCLC) 04/03/1997
Holdings
Withdrawn status Lost status Source of classification or shelving scheme Damaged status Not for loan Home library Current library Shelving location Date acquired Cost, normal purchase price Total Checkouts Full call number Barcode Date last seen Copy number Cost, replacement price Price effective from Koha item type Date last checked out
    Dewey Decimal Classification     London London RICS Boxes 25/09/1995 8.95   RICS 1995/69 30049080 06/08/2019 1 8.95 06/08/2019 Archive  
    Dewey Decimal Classification     London London Books 11/07/2002     RICS 1995/69 30055470 06/08/2019 2   06/08/2019 Reference material  
    Dewey Decimal Classification     London London RICS Boxes 11/07/2002   14 RICS 1995/69 30066003 06/08/2019 3   06/08/2019 Book 14/07/2008